[Event "Harrogate 4NCL op 31st"]
[Site "Harrogate"]
[Date "2024.01.20"]
[Round "2"]
[White "Sheppard, Derek Alan"]
[Black "Pal, Rohan"]
[Result "0-1"]
[WhiteElo "1651"]
[BlackElo "1960"]
[PlyCount "72"]
[EventDate "2024.01.19"]
[EventType "swiss"]
[EventRounds "5"]
[EventCountry "ENG"]
[SourceTitle "CB05_2024"]
[SourceDate "2024.01.31"]
[SourceVersion "1"]
[SourceVersionDate "2024.01.31"]
[SourceQuality "1"]

1. d4 Nf6 2. Nf3 e6 3. g3 b5 4. Bg2 Bb7 5. 0-0 c5 6. a4 b4 7. c4 cxd4 8. Nxd4 Bxg2 9. Kxg2 Qc7 10. b3 Bc5 11. Kg1 a6 12. Bb2 h5 13. Nd2 h4 14. N2f3 Nc6 15. Qd3 0-0-0 16. Rfd1 e5 17. Nxc6 e4 18. Qc2 dxc6 19. Rxd8+ Qxd8 20. Rd1 Qb6 21. Nd4 Qc7 22. e3 hxg3 23. hxg3 Qd7 24. Kf1 Bxd4 25. Bxd4 Qf5 26. Bxf6 gxf6 27. Ke1 Rh1+ 28. Kd2 Qxf2+ 29. Kc1 Qxe3+ 30. Kb2 Qc3+ 31. Kb1 Qxc2+ 32. Kxc2 Rxd1 33. Kxd1 f5 34. Ke2 Kd7 35. Ke3 Kd6 36. Kf4 Kc5 0-1

[Event "Hull 4NCL op-A"]
[Site "Hull"]
[Date "2023.09.09"]
[Round "3"]
[White "Samarakoon, Vivash Ransara"]
[Black "Sheppard, Derek Alan"]
[Result "1/2-1/2"]
[WhiteElo "1784"]
[BlackElo "1664"]
[PlyCount "141"]
[EventDate "2023.09.08"]
[EventType "swiss"]
[EventRounds "5"]
[EventCountry "ENG"]
[SourceTitle "EXT 2024"]
[Source "ChessBase"]
[SourceDate "2023.10.10"]
[SourceVersion "1"]
[SourceVersionDate "2023.10.10"]
[SourceQuality "1"]

1. e4 e6 2. d4 d5 3. exd5 exd5 4. Bd3 Nc6 5. c3 Bd6 6. Ne2 Nge7 7. Bg5 f6 8. Bf4 Bf5 9. Bxf5 Nxf5 10. 0-0 0-0 11. Qb3 Nfe7 12. Nd2 Qd7 13. Rfe1 Na5 14. Qd1 Nac6 15. a4 Ng6 16. Bxd6 Qxd6 17. Qb3 Nd8 18. Ne4 Qc6 19. Nc5 a5 20. f3 b6 21. Nd3 Ne6 22. f4 Ne7 23. Ng3 Rfe8 24. f5 Nf8 25. Re3 Rad8 26. Rae1 Kf7 27. Qa3 Qd6 28. Qxd6 Rxd6 29. Nf4 Rdd8 30. Kf2 c6 31. Ne6 Nxe6 32. Rxe6 Rc8 33. Rd6 Red8 34. Ree6 Rb8 35. Kf3 Rxd6 36. Rxd6 b5 37. axb5 Rxb5 38. Rd7 Rxb2 39. Ra7 Ra2 40. Ne2 a4 41. g4 Ra1 42. h3 a3 43. Ke3 a2 44. Kd2 Rh1 45. Rxa2 Rxh3 46. Ra1 Rh4 47. Rg1 g6 48. fxg6+ hxg6 49. Ke3 f5 50. g5 Ke6 51. Nf4+ Kf7 52. Kf3 Nc8 53. Rb1 Nd6 54. Ra1 Nb5 55. Ra6 Nxc3 56. Rxc6 Ne4 57. Rc7+ Ke8 58. Nxg6 Nxg5+ 59. Ke3 Re4+ 60. Kd3 Ne6 61. Re7+ Kd8 62. Rf7 Rxd4+ 63. Ke3 Re4+ 64. Kd3 Nf4+ 65. Nxf4 Rxf4 66. Ke3 Re4+ 67. Kd3 f4 68. Rf5 Re3+ 69. Kd4 Rf3 70. Kxd5 Rf1 71. Kd4 1/2-1/2

[Event "Harrogate 4NCL op-A 29th"]
[Site "Harrogate"]
[Date "2023.01.21"]
[Round "2"]
[White "Sheppard, Derek Alan"]
[Black "Nicholson, Jim WR"]
[Result "0-1"]
[WhiteElo "1667"]
[BlackElo "1968"]
[PlyCount "100"]
[EventDate "2023.01.20"]
[EventType "swiss"]
[EventRounds "5"]
[EventCountry "ENG"]
[SourceTitle "CBM 212 Extra"]
[Source "ChessBase"]
[SourceDate "2023.03.31"]
[SourceVersion "1"]
[SourceVersionDate "2023.03.31"]
[SourceQuality "1"]

1. d4 d5 2. Bf4 c6 3. c3 Bf5 4. e3 Qb6 5. Qb3 Nf6 6. Nd2 e6 7. h3 h6 8. Ngf3 Nbd7 9. c4 Qxb3 10. Nxb3 Bb4+ 11. Nbd2 dxc4 12. Bxc4 Nb6 13. Bb3 Nbd5 14. Bh2 Ne4 15. Ke2 0-0 16. Rhd1 Rfd8 17. Rac1 Rac8 18. Bc2 Ndf6 19. Nxe4 Bxe4 20. Bxe4 Nxe4 21. a3 Be7 22. Nd2 Nf6 23. Nb3 g5 24. Nc5 Bxc5 25. Rxc5 Nd7 26. Rc2 f5 27. g4 Nf6 28. Be5 Kf7 29. Bxf6 Kxf6 30. Rc5 Rd5 31. Rdc1 Rcd8 32. R1c3 Rxc5 33. Rxc5 h5 34. f3 hxg4 35. hxg4 Rh8 36. gxf5 Rh2+ 37. Kd3 exf5 38. b4 Rf2 39. d5 cxd5 40. Rxd5 Ke6 41. Rd8 Rxf3 42. Rg8 f4 43. Rxg5 Rxe3+ 44. Kd2 Rxa3 45. Rg4 Kf5 46. Rg7 b6 47. Ke2 a5 48. bxa5 Rxa5 49. Rf7+ Ke4 50. Re7+ Re5 0-1

[Event "Harrogate 4NCL op 27th"]
[Site "Harrogate"]
[Date "2022.01.23"]
[Round "5"]
[White "Lampard, Alice"]
[Black "Sheppard, Derek Alan"]
[Result "1/2-1/2"]
[WhiteElo "1754"]
[BlackElo "1692"]
[PlyCount "34"]
[EventDate "2022.01.21"]
[EventType "swiss"]
[EventRounds "5"]
[EventCountry "ENG"]
[SourceTitle "CBM 206 Extra"]
[Source "ChessBase"]
[SourceDate "2022.03.31"]
[SourceVersion "1"]
[SourceVersionDate "2022.03.31"]
[SourceQuality "1"]

1. d4 Nf6 2. c4 e6 3. Nc3 Bb4 4. Qc2 Nc6 5. Nf3 0-0 6. e4 Bxc3+ 7. bxc3 d6 8. Be2 e5 9. d5 Nb8 10. h3 a5 11. a4 Na6 12. Be3 b6 13. 0-0 Bd7 14. Nd2 Nc5 15. Bxc5 bxc5 16. Rfb1 Ne8 17. Nf1 f5 1/2-1/2

[Event "Harrogate 4NCL op 24th"]
[Site "Harrogate"]
[Date "2020.01.19"]
[Round "4"]
[White "Quader, Ziaul"]
[Black "Sheppard, Derek Alan"]
[Result "1/2-1/2"]
[WhiteElo "2145"]
[BlackElo "1689"]
[PlyCount "60"]
[EventDate "2020.01.17"]
[EventType "swiss"]
[EventRounds "5"]
[EventCountry "ENG"]
[SourceTitle "CBM 194 Extra"]
[Source "ChessBase"]
[SourceDate "2020.03.31"]
[SourceVersion "1"]
[SourceVersionDate "2020.03.31"]
[SourceQuality "1"]

1. e4 e6 2. d4 d5 3. Nc3 dxe4 4. Nxe4 Nf6 5. Nxf6+ gxf6 6. Nf3 Be7 7. Bh6 b6 8. Qd2 Rg8 9. 0-0-0 c6 10. Kb1 Nd7 11. g3 Bb7 12. Be2 Qc7 13. Qe3 0-0-0 14. Bf4 Bd6 15. Bh6 Nf8 16. Rhe1 Ng6 17. Nd2 Be7 18. h4 c5 19. c3 Bd6 20. Nc4 Bf8 21. h5 Ne7 22. Bf4 Qc6 23. dxc5 Nd5 24. Rxd5 Qxd5 25. cxb6 Bc5 26. Qc1 Qe4+ 27. Ka1 axb6 28. Be3 Bxe3 29. Nxe3 Qa4 30. Nc4 Qc6 1/2-1/2

[Event "South Normanton 4NCL op 23rd"]
[Site "South Normanton"]
[Date "2019.10.05"]
[Round "3"]
[White "Gardiner, Eric D"]
[Black "Sheppard, Derek Alan"]
[Result "1-0"]
[WhiteElo "1960"]
[BlackElo "1717"]
[PlyCount "53"]
[EventDate "2019.10.04"]
[EventType "swiss"]
[EventRounds "5"]
[EventCountry "ENG"]
[SourceTitle "CBM 192 Extra"]
[Source "Chessbase"]
[SourceDate "2019.11.06"]
[SourceVersion "1"]
[SourceVersionDate "2019.11.06"]
[SourceQuality "1"]

1. e4 e6 2. d4 d5 3. e5 c5 4. c3 Qb6 5. Nf3 Nc6 6. a3 a5 7. Bd3 Bd7 8. 0-0 cxd4 9. cxd4 Nxd4 10. Nxd4 Qxd4 11. Nc3 Qh4 12. Be3 Qd8 13. Nb5 Bc6 14. Rc1 Qd7 15. Qe2 Be7 16. Bb6 Rc8 17. Na7 Ra8 18. Nxc6 bxc6 19. Rxc6 Qb7 20. Rfc1 Nh6 21. Be3 Nf5 22. Rc7 Qb8 23. Bb5+ Kf8 24. Ba7 Qd8 25. Rd7 Qe8 26. Rb7 Nd4 27. Bxd4 1-0

[Event "GBR-ch Major 105th"]
[Site "Hull"]
[Date "2018.08.05"]
[Round "9"]
[White "Somton, Anita"]
[Black "Sheppard, Derek Alan"]
[Result "1/2-1/2"]
[WhiteElo "1843"]
[BlackElo "1747"]
[PlyCount "41"]
[EventDate "2018.07.28"]
[EventType "swiss"]
[EventRounds "9"]
[EventCountry "ENG"]
[SourceTitle "EXT 2019"]
[Source "ChessBase"]
[SourceDate "2018.10.10"]
[SourceVersion "1"]
[SourceVersionDate "2018.10.10"]
[SourceQuality "1"]

1. e4 e6 2. d4 d5 3. Nc3 dxe4 4. Nxe4 Nf6 5. Bg5 Be7 6. Bxf6 gxf6 7. Nf3 b6 8. Bb5+ c6 9. Bd3 Bb7 10. Qe2 Nd7 11. 0-0-0 Qc7 12. Kb1 0-0-0 13. Rhe1 Nf8 14. c4 f5 15. Ned2 c5 16. d5 Bf6 17. Nb3 Kb8 18. dxe6 fxe6 19. g3 Rg8 20. Bc2 Rxd1+ 21. Rxd1 1/2-1/2

[Event "GBR-ch Major 105th"]
[Site "Hull"]
[Date "2018.08.01"]
[Round "5"]
[White "Sheppard, Derek Alan"]
[Black "Akeya Price, Robert A"]
[Result "0-1"]
[WhiteElo "1747"]
[BlackElo "1820"]
[PlyCount "68"]
[EventDate "2018.07.28"]
[EventType "swiss"]
[EventRounds "9"]
[EventCountry "ENG"]
[SourceTitle "CBM 185 Extra"]
[Source "ChessBase"]
[SourceDate "2018.07.29"]
[SourceVersion "1"]
[SourceVersionDate "2018.07.29"]
[SourceQuality "1"]

1. c4 Nf6 2. Nf3 e6 3. g3 b6 4. Bg2 Bb7 5. 0-0 d5 6. cxd5 exd5 7. d4 c5 8. Nc3 Nc6 9. Bg5 Be7 10. e3 Ne4 11. Bxe7 Nxc3 12. Bxd8 Nxd1 13. Rfxd1 Rxd8 14. Rac1 c4 15. b3 b5 16. Kf1 0-0 17. Ne1 a5 18. bxc4 dxc4 19. d5 Nb4 20. e4 Nxa2 21. Ra1 Nc3 22. Rdc1 Na4 23. f3 Ra8 24. f4 Nc5 25. Rab1 b4 26. e5 Nb3 27. Rd1 a4 28. Nc2 a3 29. Na1 Nxa1 30. Rxa1 b3 31. d6 Bxg2+ 32. Kxg2 b2 33. Ra2 c3 34. d7 c2 0-1

[Event "GBR-ch Major 105th"]
[Site "Hull"]
[Date "2018.07.31"]
[Round "4"]
[White "Milewska, Agnieszka"]
[Black "Sheppard, Derek Alan"]
[Result "1/2-1/2"]
[WhiteElo "1778"]
[BlackElo "1747"]
[PlyCount "66"]
[EventDate "2018.07.28"]
[EventType "swiss"]
[EventRounds "9"]
[EventCountry "ENG"]
[SourceTitle "CBM 185 Extra"]
[Source "ChessBase"]
[SourceDate "2018.07.29"]
[SourceVersion "1"]
[SourceVersionDate "2018.07.29"]
[SourceQuality "1"]

1. d4 e6 2. c4 d5 3. e3 Nf6 4. Nc3 Be7 5. Nf3 0-0 6. cxd5 exd5 7. Be2 c6 8. 0-0 Bg4 9. h3 Bxf3 10. Bxf3 Nbd7 11. b3 Qa5 12. Bb2 Ba3 13. Bxa3 Qxa3 14. Qc2 a5 15. Ne2 Rfe8 16. Ng3 g6 17. Rfe1 Re7 18. e4 dxe4 19. Nxe4 Nxe4 20. Rxe4 Rae8 21. Rxe7 Qxe7 22. Rd1 Nf6 23. Qc3 Qa3 24. Qc2 Qb4 25. Qc4 Re1+ 26. Kh2 Qd6+ 27. g3 Rxd1 28. Bxd1 Ne4 29. Kg2 h5 30. Qd3 Nf6 31. Bf3 Nd5 32. a4 Kg7 33. Qc4 Nf6 1/2-1/2

[Event "Doncaster 4NCL op-A 18th"]
[Site "Doncaster"]
[Date "2018.04.14"]
[Round "3"]
[White "Sheppard, Derek Alan"]
[Black "Gardiner, Eric D"]
[Result "0-1"]
[WhiteElo "1767"]
[BlackElo "1975"]
[PlyCount "48"]
[EventDate "2018.04.13"]
[EventType "swiss"]
[EventRounds "5"]
[EventCountry "ENG"]
[SourceTitle "CBM 184 Extra"]
[Source "ChessBase"]
[SourceDate "2018.06.28"]
[SourceVersion "1"]
[SourceVersionDate "2018.06.28"]
[SourceQuality "1"]

1. Nf3 d6 2. d4 Bg4 3. Nbd2 Nf6 4. e3 Nbd7 5. Be2 c6 6. 0-0 e5 7. dxe5 dxe5 8. Nc4 Qc7 9. a4 Bc5 10. b3 0-0 11. Bb2 Bxf3 12. Bxf3 Rad8 13. g3 b5 14. axb5 cxb5 15. Nd2 Bb6 16. Qc1 Nc5 17. Rd1 Rfe8 18. Bg2 Nd5 19. Ne4 Nxe4 20. Bxe4 Nc3 21. Bxc3 Qxc3 22. Rd3 Qb4 23. Qe1 Qxe4 24. Rad1 Qc6 0-1

[Event "Harrogate 4NCL op-A 17th"]
[Site "Harrogate"]
[Date "2018.01.21"]
[Round "4"]
[White "Bowman, Richard L"]
[Black "Sheppard, Derek Alan"]
[Result "1-0"]
[WhiteElo "1765"]
[BlackElo "1807"]
[PlyCount "42"]
[EventDate "2018.01.19"]
[EventType "swiss"]
[EventRounds "5"]
[EventCountry "ENG"]
[SourceTitle "CBM 182 Extra"]
[Source "ChessBase"]
[SourceDate "2018.02.23"]
[SourceVersion "1"]
[SourceVersionDate "2018.02.23"]
[SourceQuality "1"]

1. b3 d5 2. Bb2 Bf5 3. e3 Nd7 4. c4 c6 5. Nc3 e6 6. Rc1 Rc8 7. cxd5 cxd5 8. Nb5 a6 9. Rxc8 Qxc8 10. Bxg7 axb5 11. Bxh8 f6 12. Bxb5 Kf7 13. Bxd7 Qxd7 14. g4 Bg6 15. h4 h6 16. g5 h5 17. Bxf6 Nxf6 18. gxf6 d4 19. Nf3 Qd5 20. Ng5+ Kg8 21. Qf3 Be4 1-0

[Event "Harrogate 4NCL op-A 17th"]
[Site "Harrogate"]
[Date "2018.01.21"]
[Round "5"]
[White "Ther, Mate T"]
[Black "Sheppard, Derek Alan"]
[Result "1-0"]
[WhiteElo "1576"]
[BlackElo "1807"]
[PlyCount "51"]
[EventDate "2018.01.19"]
[EventType "swiss"]
[EventRounds "5"]
[EventCountry "ENG"]
[SourceTitle "CBM 182 Extra"]
[Source "ChessBase"]
[SourceDate "2018.02.23"]
[SourceVersion "1"]
[SourceVersionDate "2018.02.23"]
[SourceQuality "1"]

1. e4 c5 2. c4 g6 3. Nf3 Bg7 4. d4 cxd4 5. Nxd4 Nc6 6. Be3 Nf6 7. Nc3 d6 8. Be2 Ng4 9. Bxg4 Bxg4 10. Qxg4 Nxd4 11. Qd1 Nc6 12. Qd2 0-0 13. 0-0 Qa5 14. Rac1 Rac8 15. b3 a6 16. Rfd1 b5 17. Nd5 Qxd2 18. Rxd2 Rfe8 19. cxb5 axb5 20. Rdc2 e6 21. Nb6 Rcd8 22. Rxc6 d5 23. exd5 exd5 24. Rc8 d4 25. Rxd8 Rxd8 26. Bd2 1-0

[Event "Doncaster 4NCL op-A 15th"]
[Site "Doncaster"]
[Date "2017.09.09"]
[Round "2"]
[White "Whitfield, Craig M"]
[Black "Sheppard, Derek Alan"]
[Result "1-0"]
[WhiteElo "2054"]
[BlackElo "1817"]
[PlyCount "63"]
[EventDate "2017.09.08"]
[EventType "swiss"]
[EventRounds "5"]
[EventCountry "ENG"]
[SourceTitle "CBM 180 Extra"]
[Source "ChessBase"]
[SourceDate "2017.10.06"]
[SourceVersion "1"]
[SourceVersionDate "2017.10.06"]
[SourceQuality "1"]

1. d4 Nf6 2. Bf4 d5 3. e3 e6 4. Nf3 c5 5. c3 Bd6 6. Bg3 cxd4 7. cxd4 Nc6 8. Nc3 a6 9. Bd3 Nb4 10. Bb1 b6 11. a3 Nc6 12. 0-0 Bxg3 13. hxg3 0-0 14. Bd3 Bb7 15. Qe2 Ra7 16. Rac1 Na5 17. b4 Nc6 18. Rc2 Qe7 19. Na4 Nd7 20. Rfc1 b5 21. Nc5 Nxc5 22. Rxc5 Rc8 23. Ne5 Qd6 24. Bxh7+ Kf8 25. Qh5 g6 26. Bxg6 fxg6 27. Qh8+ Ke7 28. Qg7+ Ke8 29. Qxg6+ Ke7 30. Qg7+ Kd8 31. Nxc6+ Rxc6 32. Rxc6 1-0

[Event "Wakefield 4NCL op 13th"]
[Site "Wakefield"]
[Date "2017.04.09"]
[Round "5"]
[White "Sheppard, Derek Alan"]
[Black "Bielby, Paul R"]
[Result "0-1"]
[WhiteElo "1831"]
[BlackElo "1939"]
[PlyCount "62"]
[EventDate "2017.04.07"]
[EventType "swiss"]
[EventRounds "5"]
[EventCountry "ENG"]
[SourceTitle "CBM 177 Extra"]
[Source "ChessBase"]
[SourceDate "2017.04.27"]
[SourceVersion "1"]
[SourceVersionDate "2017.04.27"]
[SourceQuality "1"]

1. d4 Nf6 2. Nf3 d5 3. c4 e6 4. cxd5 exd5 5. Nc3 Bb4 6. Qb3 Bxc3+ 7. bxc3 0-0 8. Bg5 Nbd7 9. e3 h6 10. Bh4 c6 11. c4 Qa5+ 12. Nd2 Ne4 13. Qc2 Ndf6 14. Bxf6 Nxf6 15. Bd3 dxc4 16. Bxc4 Bf5 17. Bd3 Bxd3 18. Qxd3 Rfe8 19. 0-0 Rad8 20. Nb3 Qh5 21. Qd1 Qh4 22. Qf3 Ne4 23. g3 Ng5 24. Qg2 Qh5 25. Rac1 Rd5 26. Rc5 Rxc5 27. Nxc5 Nf3+ 28. Kh1 b6 29. Nd3 Qd5 30. Nb4 Qc4 31. Qxf3 Qxf1# 0-1

[Event "Wakefield 4NCL op 13th"]
[Site "Wakefield"]
[Date "2017.04.08"]
[Round "3"]
[White "Sheppard, Derek Alan"]
[Black "Jaszkiwskyj, Peter"]
[Result "1/2-1/2"]
[WhiteElo "1831"]
[BlackElo "1965"]
[PlyCount "95"]
[EventDate "2017.04.07"]
[EventType "swiss"]
[EventRounds "5"]
[EventCountry "ENG"]
[SourceTitle "CBM 177 Extra"]
[Source "ChessBase"]
[SourceDate "2017.04.27"]
[SourceVersion "1"]
[SourceVersionDate "2017.04.27"]
[SourceQuality "1"]

1. d4 Nf6 2. Nf3 d5 3. c4 e6 4. cxd5 exd5 5. Nc3 Be7 6. Bg5 0-0 7. e3 c6 8. Bd3 Nbd7 9. 0-0 Re8 10. Qc2 Nf8 11. Bxf6 Bxf6 12. b4 Bg4 13. Nd2 Rc8 14. Rfc1 Qd6 15. Qb3 Be6 16. Qb1 g6 17. a3 Bd7 18. Qc2 Ne6 19. Nf3 Ng7 20. Rab1 Nf5 21. Qd2 Be6 22. Na4 b6 23. Rc2 Bd7 24. Nb2 Qb8 25. Rbc1 Nd6 26. Bf1 Qb7 27. Qd1 b5 28. Ne1 Bf5 29. Bd3 Be6 30. Be2 Nc4 31. Ra1 Qe7 32. a4 Qxb4 33. Ned3 Qe7 34. Nxc4 dxc4 35. Nc5 Bd5 36. axb5 cxb5 37. Ra5 Bc6 38. Rca2 Rc7 39. Bf3 Bxf3 40. gxf3 Rd8 41. Qb1 Rd5 42. Ne4 Rb7 43. Rxa7 Bg7 44. Ra8+ Rd8 45. Qa1 Rbb8 46. R8a7 Rb7 47. Ra8 Rbb8 48. R8a7 1/2-1/2

[Event "Harrogate 4NCL op 12th"]
[Site "Harrogate"]
[Date "2017.01.07"]
[Round "2"]
[White "Sheppard, Derek Alan"]
[Black "Wells, Jonathan C"]
[Result "1/2-1/2"]
[WhiteElo "1802"]
[BlackElo "2011"]
[PlyCount "34"]
[EventDate "2017.01.06"]
[EventType "swiss"]
[EventRounds "5"]
[EventCountry "ENG"]
[SourceTitle "CBM 176 Extra"]
[Source "ChessBase"]
[SourceDate "2017.03.02"]
[SourceVersion "1"]
[SourceVersionDate "2017.03.02"]
[SourceQuality "1"]

1. d4 Nf6 2. Nf3 g6 3. Bf4 Bg7 4. e3 0-0 5. Be2 d6 6. h3 c5 7. c3 Qb6 8. Qb3 Qxb3 9. axb3 Nc6 10. Nbd2 Re8 11. Bh2 b6 12. Nc4 Bb7 13. 0-0 Ne4 14. Nfd2 Nxd2 15. Nxd2 Na5 16. Rfd1 cxd4 17. exd4 d5 1/2-1/2

[Event "Wakefield 4NCL op-A 8th"]
[Site "Wakefield"]
[Date "2016.04.02"]
[Round "2"]
[White "Sheppard, Derek Alan"]
[Black "Vickery, Jim"]
[Result "1/2-1/2"]
[WhiteElo "1742"]
[BlackElo "1993"]
[PlyCount "48"]
[EventDate "2016.04.01"]
[EventType "swiss"]
[EventRounds "5"]
[EventCountry "ENG"]
[SourceTitle "CBM 171 Extra"]
[Source "ChessBase"]
[SourceDate "2016.04.26"]
[SourceVersion "1"]
[SourceVersionDate "2016.04.26"]
[SourceQuality "1"]

1. c4 Nf6 2. Nf3 g6 3. g3 Bg7 4. Bg2 0-0 5. 0-0 d6 6. Nc3 e5 7. d3 Nc6 8. Bd2 Re8 9. Rb1 a5 10. a3 Nd4 11. e3 Nxf3+ 12. Bxf3 c6 13. Bg2 Bg4 14. f3 Be6 15. h3 d5 16. cxd5 Nxd5 17. Kh2 Nb6 18. Qc2 a4 19. Be1 Bb3 20. Qd2 Qe7 21. Rf2 Rad8 22. Bf1 Nd7 23. Ne2 Nc5 24. Nc1 Be6 1/2-1/2

[Event "Wetherby 4NCL op-A 6th"]
[Site "Wetherby"]
[Date "2016.01.09"]
[Round "3"]
[White "Gregory, Stephen J"]
[Black "Sheppard, Derek Alan"]
[Result "1-0"]
[WhiteElo "2053"]
[BlackElo "1746"]
[PlyCount "77"]
[EventDate "2016.01.08"]
[EventType "swiss"]
[EventRounds "5"]
[EventCountry "ENG"]
[SourceTitle "CBM 170 Extra"]
[Source "ChessBase"]
[SourceDate "2016.02.25"]
[SourceVersion "1"]
[SourceVersionDate "2016.02.25"]
[SourceQuality "1"]

1. e4 e6 2. d3 d5 3. Nd2 Nf6 4. Ngf3 c5 5. g3 Nc6 6. Bg2 Be7 7. 0-0 0-0 8. Re1 b6 9. e5 Nd7 10. Nf1 Bb7 11. h4 Qc7 12. Bf4 b5 13. N1h2 b4 14. h5 a5 15. Ng4 Qd8 16. Qd2 a4 17. c4 bxc3 18. bxc3 Na5 19. Rab1 Bc6 20. Ngh2 Rb8 21. g4 Qc7 22. g5 Rxb1 23. Rxb1 Rb8 24. Rc1 a3 25. Ng4 Rb2 26. Qe3 Rxa2 27. Nf6+ Kh8 28. Ne8 Qb8 29. Nd6 Bxd6 30. exd6 Rb2 31. g6 a2 32. Ng5 Rb1 33. Nxf7+ Kg8 34. Qxe6 Rxc1+ 35. Bxc1 Nf6 36. Nd8+ Kh8 37. Qe7 Be8 38. h6 gxh6 39. Qf8+ 1-0

[Event "Wakefield 4NCL op 2nd"]
[Site "Wakefield"]
[Date "2015.04.18"]
[Round "2"]
[White "Sheppard, Derek Alan"]
[Black "Gibson, Christopher A"]
[Result "1/2-1/2"]
[WhiteElo "1755"]
[BlackElo "1981"]
[PlyCount "45"]
[EventDate "2015.04.17"]
[EventType "swiss"]
[EventRounds "5"]
[EventCountry "ENG"]
[SourceTitle "CBM 166 Extra"]
[Source "ChessBase"]
[SourceDate "2015.06.18"]
[SourceVersion "1"]
[SourceVersionDate "2015.06.18"]
[SourceQuality "1"]

1. c4 c5 2. Nf3 Nc6 3. g3 e5 4. Nc3 g6 5. Bg2 Bg7 6. 0-0 d6 7. d3 Nge7 8. Rb1 0-0 9. a3 a5 10. b3 f5 11. Bb2 Nd4 12. e3 Nxf3+ 13. Bxf3 Nc6 14. Bg2 f4 15. Nb5 fxe3 16. fxe3 Bh6 17. Bc1 Rxf1+ 18. Qxf1 Be6 19. Bd2 Qd7 20. Qe2 Bg4 21. Bf3 Bh3 22. Bg2 Bg4 23. Bf3 1/2-1/2